Alternative approaches to farmer cost sharing of irrigation development in Indonesia /

Bibliographic Details
Main Author: Alirahman
Format: Thesis Microform Book
Language:English
Published: [Place of publication not identified] : [publisher not identified] ; 1985.
Subjects:

MARC

Tag First Indicator Second Indicator Subfields
LEADER 00000cam a2200000 a 4500
001 in00000012186
005 20151007051758.0
007 he amb|||||||
008 880408r19851985miua bb 00010 eng d
035 |a (OCoLC)17755447 
035 |9 AAA4740AM 
040 |a TXA  |c TXA  |d UtOrBLW 
043 |a a-io--- 
049 |a TXAI 
099 |a fiche  |a C  |a 9616 
100 0 |a Alirahman. 
245 1 0 |a Alternative approaches to farmer cost sharing of irrigation development in Indonesia /  |c by Alirahman. 
264 1 |a [Place of publication not identified] :  |b [publisher not identified] ;  |c 1985. 
300 |a xi, 202 leaves :  |b illustrations 
336 |a text  |b txt  |2 rdacontent 
337 |a microform  |b h  |2 rdamedia 
338 |a microfiche  |b he  |2 rdacarrier 
502 |b Ph. D.  |c Colorado State University  |d 1985. 
504 |a Bibliography: leaves 180-189. 
533 |a Microfiche.  |b Ann Arbor, Mich. :  |c University Microfilms International,  |d 1985.  |e 3 microfiches ; 11 x 15 cm. 
500 |a Microform. 
650 0 |a Irrigation  |z Indonesia. 
999 |a MARS 
999 f f |s 977c3104-c030-3ae4-bad7-7507a33a1ef6  |i 49c25483-cd9c-3f1c-9743-1d4e02d4fe20  |t 0 
952 f f |p normal  |a Texas A&M University  |b College Station  |c Sterling C. Evans Library  |d Evans: Microforms (3rd floor)  |t 0  |e fiche C 9616  |h Other scheme  |i microform -- microfiche  |m A14823247026 
998 f f |a fiche C 9616  |t 0  |l Evans: Microforms (3rd floor)